000 00372pab a2200157 454500
008 180718b1999 xxu||||| |||| 00| 0 eng d
100 _aDasgupta, Gurudas
245 _aUnion budget 1999-2000: on a road to nowwhere
260 _c1999
300 _ap.7-8
362 _a20 Mar
650 _aBudget - India
650 _aBudget
773 _aMainstream
909 _a40363
999 _c40363
_d40363